| 000 | 00667nam0a22002291 4500 | ||
|---|---|---|---|
| 001 | rc\202568 | ||
| 005 | 20250620231512.0 | ||
| 010 |
_a5-88215-049-3 _9150000 |
||
| 035 | _a(NLR Aleph) 005455131 | ||
| 090 |
_a4898868 _c4898868 |
||
| 100 | _a20030307d1995 |||y0rusy50 ca | ||
| 101 | 0 | _arus | |
| 102 | _aRU | ||
| 105 | _aa ||||||||| | ||
| 200 | 1 |
_aТОМ и Jerry на диком Западе _e[Для детей _fПер. с фр. Марины Виноградовой] |
|
| 210 |
_aМ. _cМахаон _d[1995] |
||
| 215 |
_a[24] с. _cцв. ил. _d26 |
||
| 801 | 0 |
_aRU _bNLR _gpsbo |
|
| 801 | 1 |
_aRU _bELAR _2rusmarc |
|
| 852 |
_aNLR _j95-7/913 |
||
| 942 | _cBOOK | ||
| 980 | _aNB | ||